00777cam a2200217 a 450000100100000000500170001000800410002704000300006808200170009810000390011524500750015426000350022930000270026449000480029150000330033965000240037265000260039660000500042265000370047283000500050900001961120200929170057.0770912s1966 sp b 001 ebspa d aDO-SdBNPbspacDLCdBNPHU a864.6bL186g1 aLaín Entralgo, Pedro,d1908-200110aGregorio Marañón :bvida, obra y persona /cPedro Laín Entralgo. aMadrid :bEspasa-Calpe,c1966. a220, [18] p. ;c18 cm.1 aAustral. Verde: ensayos y filosofíav1470 aIncluye índice de autores. 4aEnsayos españoles 4aLiteratura española14aMARAÑÓN, GREGORIOd1887-1960xBIOGRAFÍA 4aMédicoszEspañaxBiografía 0aAustral;pVerde: ensayos y filosofía,v1470